Stolice świata z literą „M” - Statystyki

Ogólne statystyki
  • Ten quiz został rozwiązany 646 razy
    92 od ostatniego zresetowania
  • Średni wynik to 37 z 50
Statystyki odpowiedzi
Stolica % Poprawnych
Moskwa
100%
Mińsk
98%
Madryt
96%
Meksyk
88%
Manila
85%
Sztokholm
85%
Amsterdam
83%
Jerozolima
81%
Lima
81%
Rzym
81%
Islamabad
79%
Male
79%
Montevideo
79%
Damaszek
77%
Kuala Lumpur
77%
Monrovia
77%
Amman
75%
Gwatemala
75%
Jamusukro
75%
Luksemburg
75%
Manama
75%
Port Moresby
75%
Bamako
73%
Chartum
73%
Kampala
73%
Katmandu
73%
Maskat
73%
Mogadiszu
73%
Panama
73%
Lomé
71%
Managua
71%
Monako
71%
Ndżamena
69%
San Marino
69%
São Tomé
69%
Belmopan
67%
Dodoma
67%
Maputo
67%
Moroni
67%
Paramaribo
67%
Phnom Penh
67%
Asmara
65%
Maseru
65%
Mbabane
65%
Niamey
65%
Majuro
63%
Thimphu
63%
Bloemfontein
60%
Ngerulmud
60%
Santo Domingo
60%
Nie znaleziono quizów pasujących do podanych kryteriów
Rozkład punktacji
Procent ludzi z każdym wynikiem
Percentyl według liczby udzielonych odpowiedzi
Twoja historia wyników
Nie rozwiązałeś tego quizu od ostatniego zresetowania